Loading...
| 0 | 3 | 0 | 1 | 30 | 107 | 126.33 | 0 | 2 | 0.00 | 0.00 | |
| Geography | 0 | 2 | 0 | 2 | 20 | 135 | 141.50 | 0 | 2 | 0.00 | 0.00 |
| Fine Arts - Visual | 0 | 2 | 0 | 1 | 20 | 69 | 88.50 | 0 | 1 | 0.00 | 0.00 |
| Literature - American | 0 | 1 | 0 | 0 | 10 | 101 | 101.00 | 0 | 1 | 0.00 | 0.00 |
| Other Arts: Auditory | 0 | 1 | 0 | 0 | 10 | 111 | 111.00 | 0 | 1 | 0.00 | 0.00 |
| Chemistry> | 0 | 1 | 0 | 0 | 10 | 122 | 122.00 | 0 | 1 | 0.00 | 0.00 |
| History - American | 0 | 1 | 0 | 1 | 10 | 131 | 131.00 | 0 | 0 | 0.00 | 0.00 |
| Science - Physics | 0 | 1 | 0 | 0 | 10 | 95 | 95.00 | 0 | 0 | 0.00 | 0.00 |
| Social Science | 0 | 1 | 0 | 0 | 10 | 123 | 123.00 | 0 | 1 | 0.00 | 0.00 |
| Other Arts: Visual | 0 | 1 | 0 | 1 | 10 | 123 | 123.00 | 0 | 0 | 0.00 | 0.00 |
| Philosophy | 0 | 1 | 0 | 0 | 10 | 100 | 100.00 | 0 | 0 | 0.00 | 0.00 |
| Science - Biology | 0 | 1 | 0 | 0 | 10 | 113 | 113.00 | 0 | 1 | 0.00 | 0.00 |
| Science - Chemistry | 1 | 0 | 1 | 0 | 10 | 9 | 9.00 | 1 | 1 | 0.00 | 0.00 |
| Beliefs | 0 | 1 | 3 | 1 | -5 | 120 | 120.00 | 0 | 0 | 0.00 | 0.00 |
| Fine Arts - Auditory | 0 | 0 | 1 | 0 | -5 | 0.00 | 0 | 0 | 0.00 | 0.00 |